Computerized accounting : With CA-Simply accounting for windows
This book is a comprehensive instructional and learning resource that has been designed to respond to the growing business trend toward the adoption of Windows applications. It is designed to provide readers with a basic knowledge of how computerized accounting systems function and to prepare them t...
Wedi'i Gadw mewn:
| Prif Awdur: | |
|---|---|
| Fformat: | Llyfr |
| Iaith: | Undetermined |
| Cyhoeddwyd: |
London
Prentice-Hall
1996
|
| Pynciau: | |
| Tagiau: |
Ychwanegu Tag
Dim Tagiau, Byddwch y cyntaf i dagio'r cofnod hwn!
|
| Thư viện lưu trữ: | Trung tâm Học liệu Trường Đại học Cần Thơ |
|---|
| LEADER | 01511nam a2200217Ia 4500 | ||
|---|---|---|---|
| 001 | CTU_23661 | ||
| 008 | 210402s9999 xx 000 0 und d | ||
| 082 | |a 657.453 | ||
| 082 | |b H435 | ||
| 100 | |a Hearing, Sylvia | ||
| 245 | 0 | |a Computerized accounting : | |
| 245 | 0 | |b With CA-Simply accounting for windows | |
| 245 | 0 | |c Sylvia Hearing | |
| 260 | |a London | ||
| 260 | |b Prentice-Hall | ||
| 260 | |c 1996 | ||
| 520 | |a This book is a comprehensive instructional and learning resource that has been designed to respond to the growing business trend toward the adoption of Windows applications. It is designed to provide readers with a basic knowledge of how computerized accounting systems function and to prepare them to work with any accounting software package. Provides extensive assignment material — tutorials, questions, exercises, and three comprehensive practice sets; introduces chapter material in an extensively illustrated, step–by–step, tutorial format. Readers can then apply the information to more challenging in-text exercises and comprehensive practice sets. Realistic Source Documents, designed like real business documents, illustrate transactions throughout the text. Readers see source information like they would in a real business environment. | ||
| 650 | |a Accounting,Accounting,Kế toán | ||
| 650 | |x Computer-assisted instruction,Data processing,Xử lý dữ liệu | ||
| 904 | |i Phượng, Hải | ||
| 980 | |a Trung tâm Học liệu Trường Đại học Cần Thơ | ||